Anagram Word Stairs III Quiz Stats

Quiz Updated Nov 9, 2016

Challenge
Share
Tweet
Embed
Score 0/27 Timer 04:00
0 Plays Today
Hint Answer % Correct
18th letter of the alphabetR
99.3%
Egyptian sun GodRa
96%
'__ Brother, Where Art Thou?', Coen Bros. filmO
89.5%
Vanilla ____, US rapperIce
89.1%
Shorthand for the speed of lightC
88.6%
Chemical symbol for ceriumCe
86.8%
Long period of timeEra
86.3%
Conjunction, 31st most common English wordOr
83%
PaddleOar
80.1%
French city located on the Mediterranean SeaNice
77.2%
CloseNear
77.1%
Marine vehicle, also know as a u-boatSubmarine
70.4%
Type of noodlesRamen
65.6%
Animal waste used as a fertiliserManure
65.4%
Hint Answer % Correct
Grind or chop finelyMince
65.2%
Bill Hicks, Sarah Silverman or Dane CookComedian
60.3%
Noble gas with the atomic number 18Argon
50.7%
Color of some horses or cowsRoan
46.5%
Homeland of Alexander the GreatMacedonia
44%
Term used to describe money earnedIncome
42.1%
Satanic or monstrousDemonic
39%
Broad term for a living thingOrganism
34.6%
Smith, Jones or McDonaldSurname
30.5%
Madame in ItalianSignora
23.6%
An irregular swelling in the wall of a blood vesselAneurism
21.2%
Very stupid personIgnoramus
17.7%
Skirtlike garment, common in parts of AsiaSarong
13.2%

You're not logged in!

Compare scores with friends on all Sporcle quizzes.
Join for Free
OR
Log In

You Might Also Like...

Show Comments

Extras

Top Quizzes Today


Score Distribution

Your Account Isn't Verified!

In order to create a playlist on Sporcle, you need to verify the email address you used during registration. Go to your Sporcle Settings to finish the process.

Report this User

Report this user for behavior that violates our Community Guidelines.

Details: